Hoạch định và thực thi chính sách công

Sách chuyên khảo; Trình bày tổng quan về chính sách công, hoạch định chính sách công. Những vấn đề chung về thực thi chính sách công. Lựa chọn công cụ thực thi chính sách công. Lập chương trình, dự án thực thi chính sách công......

Ausführliche Beschreibung

Gespeichert in:
Bibliographische Detailangaben
1. Verfasser: Lê, Như Thanh
Weitere Verfasser: Lê, Văn Hòa (ch.b.)
Format: Buch
Sprache:Undetermined
Veröffentlicht: H. Chính trị Quốc gia 2016
Schlagworte:
Online Zugang:http://lrc.tdmu.edu.vn/opac/search/detail.asp?aID=2&ID=30149
Tags: Tag hinzufügen
Keine Tags, Fügen Sie den ersten Tag hinzu!
Thư viện lưu trữ: Trung tâm Học liệu Trường Đại học Thủ Dầu Một
LEADER 01110nam a2200217Ia 4500
001 TDMU_30149
008 210410s9999 xx 000 0 und d
082 |a 959.70441 
090 |b L250 
100 |a Lê, Như Thanh 
245 0 |a Hoạch định và thực thi chính sách công 
245 0 |c Lê Như Thanh, Lê Văn Hòa (ch.b.), Nguyễn Đức Thắng, Lê Hồng Hạnh 
260 |a H. 
260 |b Chính trị Quốc gia 
260 |c 2016 
300 |a 283tr. 
520 |a Sách chuyên khảo; Trình bày tổng quan về chính sách công, hoạch định chính sách công. Những vấn đề chung về thực thi chính sách công. Lựa chọn công cụ thực thi chính sách công. Lập chương trình, dự án thực thi chính sách công... 
650 |a Chính sách công  |x Hoạch định  |x Thực hiện 
700 |a Lê, Văn Hòa (ch.b.) 
856 |u http://lrc.tdmu.edu.vn/opac/search/detail.asp?aID=2&ID=30149 
980 |a Trung tâm Học liệu Trường Đại học Thủ Dầu Một